000 00695 a2200229 4500
010 _aENG-85989
020 _a0070634424
_c250.00
035 _aEN-69522
037 _bDBAD / PUB
082 1 4 _a530.02
090 _c3982
_d3982
100 _aBeiser, Arthur
245 1 _aApplied physics
_cby Arthur Beiser
250 _a4th ed.
260 _aNew Delhi
_bTata Mc-Graw Hill Publishing
_c2007
270 _a7, West Patel Nagar
_bNew Delhi
_cDelhi
_e110 008
300 _avarious pagings
_c24cm (pbk)
490 _aSchaum's outlines
500 _aIncludes index
942 _adpl
_cEN
_k530.02 / BEI
999 _c3901
_d3901